Normal view MARC view

Entry Personal Name

Number of records used in: 47

001 - CONTROL NUMBER

  • control field: 54009

003 - CONTROL NUMBER IDENTIFIER

  • control field: dpl

005 - DATE AND TIME OF LATEST TRANSACTION

  • control field: 20121204110006.0

008 - FIXED-LENGTH DATA ELEMENTS

  • fixed length control field: 121204|||a|||||| | ||| d

040 ## - CATALOGING SOURCE

  • Original cataloging agency: dpl
  • Transcribing agency: dpl

100 ## - HEADING--PERSONAL NAME

  • Personal name: Kapoor, D.R.

670 ## - SOURCE DATA FOUND

  • Source citation: Work cat.: (dpl): Kapoor, D.R., Research methodology :, 2013

670 ## - SOURCE DATA FOUND

  • Source citation: Work cat.: (dpl): Kapoor, D.R., Research methodology :, 2013

© Delhi Public Library
Hit Counter
free hit counter